Normal view
MARC view
- قانون العمل -- مملكة البحرين
Entry Topical Term
001 - CONTROL NUMBER
- control field: 53148
003 - CONTROL NUMBER IDENTIFIER
- control field: JO-AjAnu
005 - DATE AND TIME OF LATEST TRANSACTION
- control field: 20230606082730.0
008 - FIXED-LENGTH DATA ELEMENTS
- fixed length control field: 230606|| aca||aabn | a|a d
040 ## - CATALOGING SOURCE
- Original cataloging agency: JO-AjAnu
- Transcribing agency: JO-AjAnu
150 ## - HEADING--TOPICAL TERM
- Topical term or geographic name entry element: قانون العمل -- مملكة البحرين
670 ## - SOURCE DATA FOUND
- Source citation: Work cat.: (JO-AjAnu)27154: الهواري ، أحمد رشاد, author 53147, الوجيز في أحكام قانون العمل البحريني